Novelas ejemplares. (Registro nro. 182087)

Detalles MARC
000 -LEADER
campo de control de longitud fija 00713nam a2200181 i 4500
001 - NÚMERO DE CONTROL
campo de control 182087
003 - IDENTIFICADOR DE NÚMERO DE CONTROL
campo de control ES-MaACL
005 - FECHA Y HORA DE LA ÚLTIMA TRANSACCIÓN
campo de control 20240224062545.0
008 - DATOS DE LONGITUD FIJA--INFORMACIÓN GENERAL
campo de control de longitud fija 130603s1943 sp |||| | spa d
100 1# - ENTRADA PRINCIPAL--NOMBRE DE PERSONA
Nombre de persona Cervantes Saavedra, Miguel de,
Fechas asociadas al nombre 1547-1616
9 (RLIN) 226514
245 10 - MENCIÓN DEL TÍTULO
Título Novelas ejemplares.
Número de parte o sección de la obra Tomo II,
Nombre de parte o sección de la obra Rinconete y Cortadillo - La española inglesa - El licenciado vidriera /
Mención de responsabilidad, etc. M. de Cervantes.
260 ## - PUBLICACIÓN, DISTRIBUCIÓN, ETC.
Lugar de publicación, distribución, etc. Madrid :
Nombre del editor, distribuidor, etc. Espasa-Calpe,
Fecha de publicación, distribución, etc. 1943.
300 ## - DESCRIPCIÓN FÍSICA
Extensión 159 p. ;
Dimensiones 17 cm.
490 1# - MENCIÓN DE SERIE
Mención de serie Colección universal ;
Designación de volumen o secuencia 94-95
830 0# - PUNTO DE ACCESO ADICIONAL DE SERIE-TÍTULO UNIFORME
Título uniforme Colección universal ;
Designación de volumen o secuencia 94-95
9 (RLIN) 181688
852 ## - LOCALIZACIÓN
Ubicación ES-MaACL
Número de control de estantería 2131-F-11
Nota libre .- Donat. de los herederos de la biblioteca de Mª del Pilar Costa Palacín
Existencias
Estatus retirado Estado de pérdida Estado de daño No para préstamo Colección Biblioteca de origen Biblioteca actual Ubicación en estantería Fecha de adquisición Fuente de adquisición Total de préstamos Signatura topográfica completa Código de barras Visto por última vez Precio de reemplazo Tipo de ítem Koha
        Colección de folletos Biblioteca del Ateneo de Madrid Biblioteca del Ateneo de Madrid Depósito folletos 03/06/2013     2131-F-11 1191348 23/02/2023 23/02/2023 Folleto